[Event "GER-ch43 final email"]
[Site "GER email"]
[Date "2012.10.22"]
[Round "?"]
[White "Beykirch, Wolfgang"]
[Black "Jacobs, Rudolf"]
[Result "1/2-1/2"]
[WhiteElo "2241"]
[BlackElo "2180"]
[PlyCount "120"]
[EventDate "2012.10.22"]
[EventType "tourn (corr)"]
[EventRounds "12"]
[EventCountry "GER"]
[SourceTitle "Corr 2015"]
[Source "ChessBase"]
[SourceDate "2015.07.17"]
[SourceVersion "1"]
[SourceVersionDate "2015.07.17"]
[SourceQuality "1"]

1. e4 c5 2. d3 Nc6 3. g3 g6 4. Bg2 Bg7 5. Nc3 a6 6. Nf3 d6 7. 0-0 Nf6 8. Bf4 0-0 9. Qd2 e5 10. Bg5 Be6 11. Nd5 b5 12. Ne1 Bxd5 13. exd5 Ne7 14. c3 Nd7 15. a4 f6 16. Be3 Nf5 17. Nc2 Nxe3 18. Qxe3 Qb6 19. Ra2 f5 20. axb5 axb5 21. Rfa1 Ra4 22. b3 Rxa2 23. Rxa2 Nf6 24. Qe1 Qb7 25. Ra5 e4 26. dxe4 Nxe4 27. Bxe4 fxe4 28. Ne3 h5 29. Ra2 Qf7 30. Ra6 Be5 31. Qe2 Kh7 32. c4 bxc4 33. bxc4 Rb8 34. Qa2 Rb7 35. Ra5 Bd4 36. Rb5 Re7 37. Qe2 Ra7 38. Rb6 Qf6 39. h4 Rf7 40. Nd1 Qd8 41. Ra6 Qe7 42. Kg2 Rf3 43. Qa2 Rf7 44. Qe2 Rf3 45. Qa2 Kh6 46. Ra3 g5 47. Rxf3 exf3+ 48. Kxf3 gxh4 49. Qd2+ Kg7 50. Qf4 h3 51. Ne3 Qf6 52. Nf5+ Kg8 53. Nh6+ Kf8 54. Qxf6+ Bxf6 55. g4 Kg7 56. Nf5+ Kg6 57. Kg3 hxg4 58. Kxg4 h2 59. Ng3 Bd4 60. Kh3 Bxf2 1/2-1/2

[Event "GER-ch43 final email"]
[Site "GER email"]
[Date "2012.10.22"]
[Round "?"]
[White "Beykirch, Wolfgang"]
[Black "Nogga, Uwe"]
[Result "1/2-1/2"]
[WhiteElo "2241"]
[BlackElo "2187"]
[PlyCount "60"]
[EventDate "2012.10.22"]
[EventType "tourn (corr)"]
[EventRounds "12"]
[EventCountry "GER"]
[SourceTitle "Corr 2015"]
[Source "ChessBase"]
[SourceDate "2015.07.17"]
[SourceVersion "1"]
[SourceVersionDate "2015.07.17"]
[SourceQuality "1"]

1. e4 c5 2. Nf3 Nc6 3. d4 cxd4 4. Nxd4 Nf6 5. Nc3 e5 6. Ndb5 d6 7. Bg5 a6 8. Na3 b5 9. Bxf6 gxf6 10. Nd5 f5 11. Bd3 Be6 12. 0-0 Bxd5 13. exd5 Ne7 14. c3 Bg7 15. Re1 0-0 16. Qh5 e4 17. Bf1 Re8 18. Nc2 Rc8 19. a4 Nxd5 20. axb5 axb5 21. Qxf5 Re5 22. Qh3 h5 23. Ra6 Rc5 24. Nd4 Nf4 25. Qe3 Bh6 26. b4 Rc8 27. Rd1 Qf8 28. h4 Ng6 29. Qe1 e3 30. f3 Qe7 1/2-1/2

[Event "GER-ch43 final email"]
[Site "GER email"]
[Date "2012.10.22"]
[Round "?"]
[White "Beykirch, Wolfgang"]
[Black "Stieger, Helmut G"]
[Result "1/2-1/2"]
[WhiteElo "2241"]
[BlackElo "2158"]
[PlyCount "38"]
[EventDate "2012.10.22"]
[EventType "tourn (corr)"]
[EventRounds "12"]
[EventCountry "GER"]
[SourceTitle "Corr 2015"]
[Source "ChessBase"]
[SourceDate "2015.07.17"]
[SourceVersion "1"]
[SourceVersionDate "2015.07.17"]
[SourceQuality "1"]

1. e4 c5 2. Nc3 e6 3. g3 d5 4. exd5 exd5 5. Bg2 Nf6 6. d3 d4 7. Ne4 Nxe4 8. dxe4 Nc6 9. Ne2 Bd6 10. 0-0 0-0 11. Nf4 Bxf4 12. Bxf4 Be6 13. Qh5 Qe7 14. e5 Rae8 15. Rfe1 Qd7 16. Be4 h6 17. h4 Bd5 18. Bf5 Be6 19. Be4 Bd5 1/2-1/2

[Event "GER-ch43 final email"]
[Site "GER email"]
[Date "2012.10.22"]
[Round "?"]
[White "Lins, Thomas"]
[Black "Beykirch, Wolfgang"]
[Result "1-0"]
[WhiteElo "2206"]
[BlackElo "2241"]
[PlyCount "97"]
[EventDate "2012.10.22"]
[EventType "tourn (corr)"]
[EventRounds "12"]
[EventCountry "GER"]
[SourceTitle "Corr 2015"]
[Source "ChessBase"]
[SourceDate "2015.07.17"]
[SourceVersion "1"]
[SourceVersionDate "2015.07.17"]
[SourceQuality "1"]

1. d4 Nf6 2. c4 g6 3. Nc3 Bg7 4. e4 d6 5. Be2 0-0 6. Bg5 c5 7. d5 a6 8. a4 Qa5 9. Bd2 Qc7 10. Nf3 a5 11. 0-0 Na6 12. Bf4 Nh5 13. Bg5 Re8 14. Ne1 Nf6 15. Nc2 Qb6 16. Qd2 Bg4 17. Na3 Bxe2 18. Qxe2 Nd7 19. Nab5 Bd4 20. Kh1 Bxc3 21. Nxc3 f6 22. Be3 Nc7 23. f4 Qb4 24. Nb5 Nxb5 25. axb5 Nb6 26. Rfc1 a4 27. Ra3 Nd7 28. Bf2 Qa5 29. b3 Qc7 30. bxa4 b6 31. Qg4 Qc8 32. Qh3 Ra7 33. Be1 Qa8 34. a5 bxa5 35. Rxa5 Nb6 36. Rxa7 Qxa7 37. e5 f5 38. Qc3 e6 39. exd6 exd5 40. cxd5 Nd7 41. Bf2 Qa2 42. Bxc5 Rc8 43. Qe1 Qxd5 44. Rd1 Qe4 45. Bg1 Rc2 46. Qxe4 fxe4 47. Re1 Rc4 48. Rb1 Kf7 49. b6 1-0